000 00738nam a2200217 a 4500
005 20240810063850.0
008 120315s2008 mx r 000 0 spa d
020 _a9789681871949
035 _aUPN01000183674
049 _aCG
050 4 _aLB3012.4 A7
_bG7.2a
100 1 _aGreco, María Beatriz
_931968
245 1 3 _aLa autoridad (pedagógica) en cuestión :
_buna crítica al concepto de autoridad en tiempos de transformación /
_cMaría Beatriz Greco.
260 _aMéxico :
_bLimusa :
_bHomosapiens,
_c2008.
300 _a165 p.
650 4 _aDISCIPLINA ESCOLAR -
_zARGENTINA
_914993
650 4 _aAutoridad
_94102
650 4 _aESCUELAS -
_xDIRECCION Y ORGANIZACION -
_zARGENTINA
_96565
905 _aLibro
999 _c155777
_d155777